000 00839nam a2200253 u 4500
001 000082620
005 20200120224758.0
008 130805s2012 ck gr 000 0 spa d
041 0 _ack
043 _as-ck---
082 0 4 _a633.73
_bF17
_221
100 1 _aFarfán Valencia, Fernando
245 1 0 _aArboles con potencial para ser incorporados en sistemas agroforestales con café /
_cFernando Farfán Valencia.
250 _a1a ed.
260 _a[Bogotá?] :
_bMinisterio de Hacienda y Crédito Público,
_c2012.
300 _a87 páginas :
_bilustraciones.
500 _aIncluye índice
504 _aIncluye bibliografía. p:80-87
650 1 7 _aReforestación
_2LEMB
650 2 7 _aPlantación de árboles
_2LEMB
650 2 7 _aArboricultura
_2LEMB
650 2 7 _aCafé
_xAbonos y fertilizantes
_2LEMB
650 2 7 _aForestación
_2LEMB
999 _c11021
_d11021